[Event "Bad Breisig B"]
[Site "?"]
[Date "2002.??.??"]
[Round "4"]
[White "Wempe, Moritz"]
[Black "Schellen, Sven"]
[Result "0-1"]
[WhiteElo "1168"]
[BlackElo "1312"]
[PlyCount "82"]

1. e4 c5 2. Nf3 d6 3. d4 cxd4 4. Nxd4 Nf6 5. Bd3 a6 6. Nc3 e6 7. Bg5 Nbd7 8.
Qe2 Be7 9. O-O O-O 10. Qf3 Ne5 11. Qg3 Qb6 12. Nb3 Ng6 13. h4 Re8 14. Be3 Qd8
15. Be2 Bf8 16. Rad1 h5 17. Rd2 Bd7 18. Rfd1 Rc8 19. f4 Rxc3 20. bxc3 Nxe4 21.
Qe1 Nxd2 22. Qxd2 Qxh4 23. Nc5 Bc6 24. Bf2 Qxf4 25. Nd3 Qxd2 26. Rxd2 Ne7 27.
Bxh5 g6 28. Bf3 Bh6 29. Bxc6 bxc6 30. Re2 Nd5 31. Nb4 Nxc3 32. Re1 c5 33. Nxa6
Rc8 34. Bg3 e5 35. Kf2 Nd5 36. Kf3 Ra8 37. Ke4 Nf6+ 38. Kf3 Rxa6 39. Rd1 Ra3+
40. Kf2 Ne4+ 41. Kg1 Rxg3 0-1

[Event "Bad Breisig B"]
[Site "?"]
[Date "2002.??.??"]
[Round "4"]
[White "Wempe, Felix"]
[Black "Tost, Guenter"]
[Result "0-1"]
[WhiteElo "1154"]
[BlackElo "1364"]
[PlyCount "71"]

1. e4 c5 2. Nc3 Nc6 3. Nf3 d6 4. Bb5 e6 5. d3 a6 6. Bxc6+ bxc6 7. Be3 Rb8 8. b3
g6 9. Qd2 Bg7 10. O-O Ne7 11. d4 cxd4 12. Nxd4 O-O 13. Bg5 f6 14. Bh6 Qb6 15.
Nce2 Rd8 16. Qe3 e5 17. c3 exd4 18. cxd4 a5 19. Ng3 Bg4 20. h3 Bc8 21. Nh5 gxh5
22. Qg3 Ng6 23. Qe3 h4 24. f4 Bxh6 25. g3 hxg3 26. Qxg3 Qxd4+ 27. Qf2 Qxe4 28.
Rae1 Qxf4 29. Qg2 Qd4+ 30. Rf2 Kf7 31. Re4 Qd1+ 32. Rf1 Qd3 33. Rfe1 Ne5 34.
Kh2 Nf3+ 35. Kh1 Nxe1 36. Rxe1 0-1

[Event "Bad Breisig B"]
[Site "?"]
[Date "2002.??.??"]
[Round "4"]
[White "Krah, Franz"]
[Black "Schulz, Patrick"]
[Result "0-1"]
[WhiteElo "1646"]
[BlackElo "1367"]
[PlyCount "126"]

1. e4 c5 2. Nf3 d6 3. d4 cxd4 4. Nxd4 Nf6 5. Nc3 g6 6. Be3 Bg7 7. Be2 O-O 8.
Qd2 Nc6 9. Nb3 Be6 10. h3 Rc8 11. O-O Nd7 12. Nd1 Nde5 13. Bg5 Nc4 14. Qc1 Nd4
15. Nxd4 Bxd4 16. c3 Nb6 17. Qd2 Bg7 18. b3 Nd7 19. Rc1 Nc5 20. f3 Kh8 21. Nf2
a6 22. Kh1 Nd7 23. Rfd1 f6 24. Be3 Qa5 25. Nd3 f5 26. b4 Qd8 27. Nf4 Bg8 28.
exf5 Rxf5 29. Bd3 Rf6 30. Be4 Ne5 31. Qf2 Nc6 32. g4 Bh6 33. Bb6 Qf8 34. Ne2
Bxc1 35. Rxc1 d5 36. g5 Rd6 37. Bc5 Rdd8 38. Bb1 Qe8 39. Re1 Bf7 40. a3 Kg8 41.
f4 e5 42. fxe5 Qxe5 43. Rf1 Rd7 44. h4 Re8 45. Bd3 Be6 46. Nd4 Rf7 47. Nxc6
bxc6 48. Qe1 Rxf1+ 49. Qxf1 Bf5 50. Bxf5 Qxf5 51. Qxf5 gxf5 52. Kg2 Re4 53. Kg3
Kf7 54. Bd4 Kg6 55. a4 Kh5 56. Bf6 Rxh4 57. Kf3 Rg4 58. Ke3 Kg6 59. a5 h5 60.
Kf3 h4 61. Be7 h3 62. Bd6 Kxg5 63. Be5 f4 0-1

[Event "Bad Breisig B"]
[Site "?"]
[Date "2002.??.??"]
[Round "5"]
[White "Pillath, Marcus"]
[Black "Wnendt, Heike"]
[Result "1/2-1/2"]
[WhiteElo "1386"]
[BlackElo "1130"]
[PlyCount "45"]

1. d4 g6 2. Bf4 e6 3. Nf3 Bh6 4. Bxh6 Nxh6 5. e3 d5 6. Nbd2 Ng4 7. h3 Nf6 8.
Bd3 b6 9. c4 O-O 10. O-O c6 11. Ne5 Nfd7 12. Nxd7 Nxd7 13. Nf3 dxc4 14. Bxc4 b5
15. Bb3 Bb7 16. Rc1 Rc8 17. Re1 a5 18. a3 a4 19. Ba2 c5 20. dxc5 Nxc5 21. Qxd8
Rfxd8 22. Nd4 Ba6 23. Red1 1/2-1/2

[Event "Bad Breisig B"]
[Site "?"]
[Date "2002.??.??"]
[Round "5"]
[White "Schulz, Patrick"]
[Black "De Mol, Ferdinand"]
[Result "0-1"]
[WhiteElo "1367"]
[BlackElo "1500"]
[PlyCount "72"]

1. d4 Nf6 2. c4 d5 3. Nc3 e6 4. cxd5 exd5 5. Bg5 c6 6. e3 h6 7. Bh4 Nbd7 8. Qc2
Be7 9. Bd3 O-O 10. Nf3 Re8 11. O-O Bd6 12. Rab1 g5 13. Bg3 Bxg3 14. hxg3 Nf8
15. Rfe1 Be6 16. b4 Qc8 17. a4 Ng4 18. a5 Kg7 19. Na4 Re7 20. Rb2 Rb8 21. Reb1
b6 22. b5 Rc7 23. axb6 axb6 24. Qd2 cxb5 25. Rxb5 Nd7 26. Nxb6 Rxb6 27. Rxb6
Nxb6 28. Rxb6 Rc1+ 29. Ne1 Ra1 30. Rb1 Ra3 31. Rc1 Qb8 32. f3 Nf6 33. Rc3 Ra1
34. e4 dxe4 35. Bxe4 Qxg3 36. Qf2 Rxe1+ 0-1

[Event "Bad Breisig B"]
[Site "?"]
[Date "2002.??.??"]
[Round "5"]
[White "Schellen, Sven"]
[Black "Wempe, Felix"]
[Result "1-0"]
[WhiteElo "1312"]
[BlackElo "1164"]
[PlyCount "53"]

1. d4 d5 2. Nf3 Nc6 3. e3 Bf5 4. Bd3 Bxd3 5. Qxd3 e6 6. Bd2 Nf6 7. a3 Ne4 8.
Qb5 Rb8 9. Qd3 b5 10. O-O b4 11. Ne5 Nxe5 12. dxe5 Nxd2 13. Nxd2 f6 14. exf6
Qxf6 15. axb4 Rxb4 16. Rxa7 Bd6 17. Ra8+ Kf7 18. Rxh8 Qh6 19. Nf3 g6 20. Rxh7+
Qxh7 21. g3 Qh6 22. Qc3 Rc4 23. Ne5+ Bxe5 24. Qxe5 Qh3 25. c3 Rh4 26. gxh4 Qg4+
27. Qg3 1-0

[Event "Bad Breisig B"]
[Site "?"]
[Date "2002.??.??"]
[Round "5"]
[White "Simon, Peter"]
[Black "Wempe, Moritz"]
[Result "1-0"]
[WhiteElo "1200"]
[BlackElo "1168"]
[PlyCount "27"]

1. c4 e5 2. Nc3 Bb4 3. Nd5 Bc5 4. b4 Be7 5. Bb2 d6 6. e4 c6 7. Nxe7 Nxe7 8. Nf3
Be6 9. Qc2 Nd7 10. Be2 O-O 11. O-O f5 12. Ng5 Rf6 13. d4 d5 14. dxe5 1-0

[Event "Bad Breisig B"]
[Site "?"]
[Date "2002.??.??"]
[Round "6"]
[White "Wnendt, Heike"]
[Black "Wempe, Moritz"]
[Result "0-1"]
[WhiteElo "1130"]
[BlackElo "1168"]
[PlyCount "58"]

1. e4 e5 2. Nf3 Nc6 3. Nc3 g6 4. d4 exd4 5. Nxd4 Nxd4 6. Qxd4 Nf6 7. Bg5 Bg7 8.
Qe5+ Qe7 9. Qxe7+ Kxe7 10. Nd5+ Kf8 11. Nxf6 h6 12. Nxd7+ Bxd7 13. Bc1 Re8 14.
Bd3 f5 15. f3 fxe4 16. fxe4 Bc6 17. Rf1+ Kg8 18. Bc4+ Kh7 19. Rf7 Rxe4+ 20. Be2
Bb5 21. Rf2 Bd4 22. Rf4 Rxe2+ 23. Kd1 Rd8 24. Rf7+ Kg8 25. c4 Bxc4 26. Rxc7
Bf2+ 27. Bd2 Be3 28. Rxc4 Rdxd2+ 29. Kc1 Re1# 0-1

[Event "Bad Breisig B"]
[Site "?"]
[Date "2002.??.??"]
[Round "6"]
[White "Pillath, Marcus"]
[Black "Schulz, Patrick"]
[Result "1/2-1/2"]
[WhiteElo "1386"]
[BlackElo "1367"]
[PlyCount "61"]

1. d4 Nf6 2. Nf3 g6 3. Bf4 Bg7 4. e3 O-O 5. c3 d6 6. Be2 Be6 7. Nbd2 Nbd7 8. h3
c5 9. O-O Rc8 10. dxc5 Nxc5 11. Bc4 Bd7 12. Be2 Nh5 13. Bh2 b5 14. Nd4 Nf6 15.
Bxb5 Rb8 16. Bxd7 Qxd7 17. N2b3 Rfc8 18. Nxc5 Rxc5 19. Nb3 Rcb5 20. Rb1 Qe6 21.
Nd4 Qxa2 22. Nxb5 Rxb5 23. b4 Nd5 24. Qb3 Qxb3 25. Rxb3 Bxc3 26. Ra3 Rb7 27. b5
Bb4 28. Ra6 Bc5 29. Rb1 Nb4 30. Ra4 Rxb5 31. Kf1 1/2-1/2

[Event "Bad Breisig B"]
[Site "?"]
[Date "2002.??.??"]
[Round "7"]
[White "Schulz, Patrick"]
[Black "Wnendt, Heike"]
[Result "1-0"]
[WhiteElo "1367"]
[BlackElo "1130"]
[PlyCount "31"]

1. d4 g6 2. Nf3 Bg7 3. e4 e6 4. Be3 Ne7 5. c3 d5 6. Bd3 O-O 7. O-O b6 8. Re1
Re8 9. e5 Na6 10. Qd2 Qd7 11. Bg5 c5 12. Bf6 c4 13. Bc2 b5 14. h4 Kh8 15. g4 h6
16. Qxh6+ 1-0

[Event "Bad Breisig B"]
[Site "?"]
[Date "2002.??.??"]
[Round "7"]
[White "Schellen, Sven"]
[Black "De Mol, Ferdinand"]
[Result "1-0"]
[WhiteElo "1312"]
[BlackElo "1500"]
[PlyCount "35"]

1. d4 Nf6 2. Nf3 d5 3. e3 a6 4. c4 e6 5. Nc3 c6 6. cxd5 exd5 7. Be2 Bd6 8. O-O
O-O 9. Re1 Re8 10. Bd3 Nbd7 11. e4 dxe4 12. Nxe4 Nxe4 13. Bxe4 Nf8 14. Qb3 Qc7
15. Bxh7+ Kxh7 16. Rxe8 Be6 17. Qd3+ g6 18. Rxa8 1-0

[Event "Bad Breisig B"]
[Site "?"]
[Date "2002.??.??"]
[Round "7"]
[White "Simon, Peter"]
[Black "Krah, Franz"]
[Result "1-0"]
[WhiteElo "1200"]
[BlackElo "1646"]
[PlyCount "35"]

1. e4 c5 2. Nf3 Nc6 3. d4 cxd4 4. Nxd4 Nf6 5. Nc3 a6 6. Nxc6 bxc6 7. e5 Ng8 8.
Be3 g6 9. g3 Bg7 10. f4 Bb7 11. Bg2 Nh6 12. Qd2 Nf5 13. Bf2 e6 14. O-O-O Qa5
15. Qxd7+ Kf8 16. Qxb7 Rd8 17. Rxd8+ Qxd8 18. Rd1 1-0

[Event "Bad Breisig B"]
[Site "?"]
[Date "2002.??.??"]
[Round "8"]
[White "Wnendt, Heike"]
[Black "Wempe, Felix"]
[Result "1-0"]
[WhiteElo "1130"]
[BlackElo "1163"]
[PlyCount "131"]

1. e4 e5 2. Nf3 Nc6 3. Nc3 Bb4 4. a3 Bxc3 5. bxc3 d5 6. exd5 Qxd5 7. c4 Qe4+ 8.
Be2 Nd4 9. d3 Nxf3+ 10. gxf3 Qd4 11. Be3 Qc3+ 12. Bd2 Qd4 13. Be3 Qh4 14. d4
Bh3 15. Bf1 e4 16. Bxh3 Qxh3 17. fxe4 Qg2 18. Ke2 Qxe4 19. Qd3 Qg4+ 20. Kd2 Nf6
21. Rhg1 Qf3 22. Qe2 Ne4+ 23. Kd3 Nxf2+ 24. Qxf2 Qh5 25. Rxg7 Kf8 26. Rag1 Ke7
27. Bg5+ Ke8 28. Qe3+ Kd7 29. Qe7+ Kc8 30. Rxf7 Qg6+ 31. Kc3 Qc6 32. Rf8+ Rxf8
33. Qxf8+ Kd7 34. Qf5+ Qe6 35. Qxe6+ Kxe6 36. Re1+ Kf5 37. Re5+ Kg6 38. h4 h6
39. Re6+ Kh5 40. Rxh6+ Kg4 41. Rh7 Rg8 42. Rxc7 Rb8 43. Rg7 Rh8 44. Bf6+ Kf5
45. Rxb7 Kxf6 46. Rxa7 Rxh4 47. Ra6+ Ke7 48. c5 Rh3+ 49. Kc4 Kd7 50. c6+ Kc7
51. Kb5 Rh5+ 52. Kc4 Rh4 53. c3 Rh3 54. a4 Rg3 55. d5 Kd6 56. a5 Rg5 57. c7+
Kxc7 58. Rc6+ Kd7 59. a6 Rg4+ 60. Kc5 Ra4 61. Kb6 Ra3 62. Kb7 Rb3+ 63. Rb6 Rxc3
64. a7 Rc7+ 65. Ka6 Rc8 66. Rb7+ 1-0

[Event "Bad Breisig B"]
[Site "?"]
[Date "2002.??.??"]
[Round "8"]
[White "Krah, Franz"]
[Black "Wempe, Moritz"]
[Result "0-1"]
[WhiteElo "1646"]
[BlackElo "1168"]
[PlyCount "78"]

1. e4 e5 2. Nf3 Nc6 3. Bb5 Nge7 4. c3 a6 5. Ba4 d5 6. Nxe5 dxe4 7. Nxc6 Nxc6 8.
Bc2 Bf5 9. O-O Bd6 10. d3 exd3 11. Re1+ Ne7 12. Bxd3 Bxd3 13. Qa4+ Bb5 14. Qd4
O-O 15. c4 Bc6 16. Qg4 Ng6 17. Bg5 Qd7 18. Qd1 Be5 19. Qc1 Rfe8 20. h3 b6 21.
Rd1 Bxb2 22. Qc2 Qxd1+ 23. Qxd1 Bxa1 24. Be3 Rad8 25. Qc2 Be4 26. Qc1 Bxb1 27.
Qxb1 Bd4 28. Bxd4 Rxd4 29. Qb3 Re1+ 30. Kh2 Rd2 31. Qg3 Ree2 32. Qxc7 Rxf2 33.
Qb8+ Nf8 34. Qxb6 Rxg2+ 35. Kh1 Rge2 36. Qb1 Rh2+ 37. Kg1 Rdg2+ 38. Kf1 Rh1+
39. Kxg2 Rxb1 0-1

[Event "Bad Breisig B"]
[Site "?"]
[Date "2002.??.??"]
[Round "8"]
[White "Pillath, Marcus"]
[Black "Schellen, Sven"]
[Result "1/2-1/2"]
[WhiteElo "1386"]
[BlackElo "1312"]
[PlyCount "79"]

1. d4 Nf6 2. Nf3 d5 3. Bf4 e6 4. e3 Bd6 5. Bxd6 Qxd6 6. Nbd2 Nbd7 7. c3 c5 8.
Rc1 O-O 9. Be2 Re8 10. O-O cxd4 11. cxd4 e5 12. dxe5 Nxe5 13. Nxe5 Qxe5 14. b3
d4 15. Nf3 Qe7 16. Nxd4 Rd8 17. Qc2 Bd7 18. Bf3 Rac8 19. Qb2 Ne4 20. Rxc8 Rxc8
21. Rc1 Rxc1+ 22. Qxc1 f5 23. Qc7 g6 24. Qxb7 Qa3 25. Qd5+ Kf8 26. h3 Qc1+ 27.
Kh2 Qc7+ 28. g3 Nxf2 29. Ne6+ Bxe6 30. Qxe6 Ne4 31. Bxe4 fxe4 32. Qxe4 Qa5 33.
Qf4+ Kg7 34. Qd4+ Kh6 35. a4 Qe1 36. Qf4+ Kg7 37. Kg2 Qd2+ 38. Qf2 Qd5+ 39. Qf3
Qxb3 40. Qf4 1/2-1/2

[Event "Bad Breisig B"]
[Site "?"]
[Date "2002.??.??"]
[Round "9"]
[White "Tost, Guenter"]
[Black "Wnendt, Heike"]
[Result "1/2-1/2"]
[WhiteElo "1364"]
[BlackElo "1130"]
[PlyCount "110"]

1. d4 g6 2. c4 e6 3. Nf3 Ne7 4. e4 Bg7 5. Bg5 O-O 6. Nc3 c6 7. e5 Re8 8. Qd2 d5
9. c5 b5 10. b4 a5 11. Bxb5 axb4 12. Bd3 bxc3 13. Qxc3 Qa5 14. Qd2 Qxd2+ 15.
Nxd2 Ba6 16. Bxa6 Rxa6 17. O-O Nd7 18. Rfb1 f6 19. exf6 Bxf6 20. Nf3 Bxg5 21.
Nxg5 Nf5 22. Rb7 Nf8 23. Nf3 Raa8 24. g4 Rab8 25. Rxb8 Rxb8 26. gxf5 exf5 27.
Ne5 Rc8 28. h4 Ne6 29. Nf3 h5 30. a4 Ra8 31. a5 Ra6 32. Ra4 Kg7 33. Kg2 Kf6 34.
Ne5 Nf8 35. f4 Ke6 36. Kg3 Kf6 37. Nd3 Nd7 38. Nb4 Ra8 39. Nxc6 Nb8 40. Nb4 Ra6
41. Nd3 Nc6 42. Nb4 Rxa5 43. Rxa5 Nxa5 44. Nxd5+ Kf7 45. Kf3 Ke6 46. Nb6 Nb3
47. d5+ Kf6 48. c6 Nd4+ 49. Kf2 Nb5 50. Nd7+ Ke7 51. Ne5 Kd6 52. Nxg6 Kxd5 53.
Ne5 Nc7 54. Ke3 Ke6 55. Kd4 Kd6 1/2-1/2

[Event "Bad Breisig B"]
[Site "?"]
[Date "2002.??.??"]
[Round "9"]
[White "Schellen, Sven"]
[Black "Schulz, Patrick"]
[Result "1/2-1/2"]
[WhiteElo "1312"]
[BlackElo "1367"]
[PlyCount "41"]

1. d4 Nf6 2. Nf3 g6 3. c4 Bg7 4. Nc3 O-O 5. e3 d6 6. Be2 Nbd7 7. O-O Re8 8. e4
e5 9. dxe5 dxe5 10. Qb3 c6 11. Rd1 Qc7 12. Be3 Bf8 13. Rac1 Nc5 14. Bxc5 Bxc5
15. Ne1 Bg4 16. Bxg4 Nxg4 17. Nd3 Bd4 18. Ne2 Rad8 19. h3 Nf6 20. Nxd4 exd4 21.
e5 1/2-1/2